[Event "FRA-ch Blitz Online Qual"]
[Site "Europe Echecs INT"]
[Date "2020.05.16"]
[Round "4"]
[White "Berger, Justin"]
[Black "Thibous, Leo"]
[Result "0-1"]
[WhiteElo "1735"]
[BlackElo "1380"]
[PlyCount "84"]
[EventDate "2020.05.16"]
[EventType "swiss (blitz)"]
[EventRounds "15"]
[EventCountry "FRA"]
[SourceTitle "CBM 196 Extra"]
[Source "ChessBase"]
[SourceDate "2020.07.31"]
[SourceVersion "1"]
[SourceVersionDate "2020.07.31"]
[SourceQuality "1"]

1. e4 e5 2. Nf3 Nf6 3. Nxe5 d6 4. Nf3 Nxe4 5. d3 Nf6 6. d4 Be7 7. Bd3 0-0 8. 0-0 Nc6 9. Re1 Be6 10. c4 d5 11. c5 Bg4 12. Be3 b6 13. Bb5 Na5 14. b4 Nb7 15. h3 a6 16. Ba4 b5 17. Bc2 c6 18. hxg4 Nxg4 19. Bf4 Bh4 20. Nxh4 Qxh4 21. Bg3 Qh5 22. Re5 f5 23. Qf3 g6 24. Re1 Nd8 25. Nd2 Nf7 26. Nf1 Ng5 27. Qc3 f4 28. Bh2 f3 29. Bd6 fxg2 30. Nh2 Rxf2 31. Bd1 Nf3+ 32. Bxf3 Rxf3 33. Qxf3 Nxh2 34. Bxh2 Qxf3 35. Bd6 h5 36. Re6 Kh7 37. Rae1 Kh6 38. R6e3 Qg4 39. Be5 Rf8 40. Rg3 Qh4 41. Kxg2 Rf5 42. Bd6 Qxd4 0-1

[Event "FRA-ch Blitz Online Qual"]
[Site "Europe Echecs INT"]
[Date "2020.05.16"]
[Round "3"]
[White "Colette, Thierry"]
[Black "Berger, Justin"]
[Result "0-1"]
[WhiteElo "1411"]
[BlackElo "1735"]
[PlyCount "78"]
[EventDate "2020.05.16"]
[EventType "swiss (blitz)"]
[EventRounds "15"]
[EventCountry "FRA"]
[SourceTitle "CBM 196 Extra"]
[Source "ChessBase"]
[SourceDate "2020.07.31"]
[SourceVersion "1"]
[SourceVersionDate "2020.07.31"]
[SourceQuality "1"]

1. e4 c5 2. Nc3 e6 3. g3 Nc6 4. Bg2 g6 5. f4 Bg7 6. Nf3 Nge7 7. 0-0 d5 8. exd5 exd5 9. d3 0-0 10. Re1 Bg4 11. Rf1 Nd4 12. Be3 Nxf3+ 13. Bxf3 Bxf3 14. Rxf3 d4 15. Ne4 dxe3 16. Rxe3 Bd4 17. Nf6+ Bxf6 18. Kh1 Qd5+ 19. Qf3 Qxf3+ 20. Rxf3 Nf5 21. Re1 Rfe8 22. Ref1 Nd4 23. R3f2 Re2 24. Rxe2 Nxe2 25. Rf2 Re8 26. Kg2 Nd4 27. Rd2 Re2+ 28. Rxe2 Nxe2 29. Kf2 Nd4 30. c3 Nb5 31. Kf3 Nd6 32. Ke2 Kf8 33. c4 Ke7 34. b3 Nf5 35. g4 Nd4+ 36. Kd2 h5 37. gxh5 gxh5 38. h3 Bh4 39. Kc3 f5 0-1